000 00367 a2200145 4500
001 63406
040 _cAnchieta - Pituba
100 _aJardelina Moura
240 1 0 _a1ª Avaliação de Língua Portuguesa, I Unidade
_lpor
245 1 0 _a1ª Avaliação de Língua Portuguesa, I Unidade
300 _a6
362 0 _a2017
650 4 _aLíngua portuguesa
942 _cBK
999 _c63406
_d63406